00637 a2200181 4500020001800000040001300018082001100031100003000042245004900072260004000121300002400161650002700185650002700212650003100239942002400270999001500294952014600309 a0-07-033157-X aDLCbDLC a621.311 aKabisama, Henslay William00aElectrical power engineering cH.W. Kabisama aNew York :bMcGraw-Hill,ccop. 1993 axii, 292 s. :bill. 7aElectric power systems 7aElectrical engineering 7aElectric power engineering cBKk621.31 KAB2ddc c7926d7926 001040708NFICaCLbCLcGENd2005-08-17eAcademic Book companyg3502.62l1o621.31 KABpSEECS006303r2020-02-27s2020-01-28w2017-01-05yBK